| 000 | 00430nam a2200157Ia 4500 | ||
|---|---|---|---|
| 008 | 230917s9999||||xx |||||||||||||| ||und|| | ||
| 020 | _cRS225 | ||
| 040 |
_e7359 _aMAIN |
||
| 041 | _aEnglish | ||
| 082 | _a350.10954 D53P | ||
| 100 | _aDey, Bata K | ||
| 245 | 0 | _aPersonnel administration in India: Retrospective issues, prospective thoughts | |
| 260 |
_aNew Delhi _bUppal Publishing _c1991 |
||
| 300 | _aix, 238 p. | ||
| 942 | _cBK | ||
| 999 |
_c70604 _d70604 |
||